| 000 | 01156nam a22002415i 4500 | ||
|---|---|---|---|
| 001 | 158530 | ||
| 003 | ES-MaACL | ||
| 005 | 20250809023754.0 | ||
| 008 | 991028s1889 fr |||| | fre d | ||
| 040 |
_aCCPB | B _bspa _cCCPB | B |
||
| 100 | 1 |
_aMaine, Henry Sumner ( _d1822-1888) _9129363 |
|
| 245 | 1 | 0 |
_aÉtudes sur l'histoire du droit / _cpar Henry Sumner Maine ; traduit de l'anglais avec autorisation de l'auteur. |
| 260 |
_aParis : _bErnest Thorin, éd., _c1889 ( _fImp. A. Chauvin et fils) |
||
| 300 |
_a[2], LXXVIII, [2], 704 p. ; _c21 cm. |
||
| 490 | 1 |
_aBibliothèque de l'histoire du droit et des institutions ; _v5 |
|
| 505 | 8 | _aContiene: Les communautés de village en orient et en occident ; L'Inde et les idées de l'Europe moderne : théorie de la preuve ; Le droit romain et l'éducation juridique; La famille patriarcale: l'Inde et l'Angleterre | |
| 597 | 1 | _aPort. con grab. xil. | |
| 650 | 7 |
_aDerecho- _vHistoria _2 _9157402 |
|
| 830 | 0 |
_aBibliothèque de l'histoire du droit et des institutions ; _v5 _9188164 |
|
| 852 |
_aES-MaACL _jF-12730 _z-- Enc. pasta española |
||
| 999 |
_c158530 _d158530 |
||